000 00543nam a2200193Ia 4500
005 20250508161625.0
008 008 250505s9999 xx 000 0 eng d
037 _aTextual
040 _aFEDL
_beng
_cFEDL
041 _aeng
_2eng
084 _a785.42, FOX
_qFEDL
100 _aFox Sidney
_9771089
245 0 _aOrigins and development of Jazz
250 _aTeacher's Edition
260 _aChicago, USA
_bFollett Eductional Corporation
_c1968
300 _a24p
942 _cTEXL
_h785.42, FOX
999 _c1371187
_d1371187